[Event "Lund CellaVision Cup"]
[Site "Lund"]
[Date "2018.08.05"]
[Round "8"]
[White "Fover, Bjorn"]
[Black "Lofgren, John"]
[Result "0-1"]
[WhiteElo "1574"]
[BlackElo "1492"]
[PlyCount "66"]
[EventDate "2018.08.03"]
[EventType "swiss"]
[EventRounds "8"]
[EventCountry "SWE"]
[SourceTitle "CBM 186 Extra"]
[Source "ChessBase"]
[SourceDate "2018.08.24"]
[SourceVersion "1"]
[SourceVersionDate "2018.08.24"]
[SourceQuality "1"]

1. d4 e6 2. c4 c5 3. Nf3 cxd4 4. Qxd4 Nc6 5. Qd1 Nf6 6. Bg5 Qa5+ 7. Bd2 Bb4 8. Nc3 Ng4 9. e3 Nge5 10. Nxe5 Qxe5 11. a3 Be7 12. g3 b6 13. Bg2 Bb7 14. 0-0 Rc8 15. b4 Qb8 16. Rc1 Ne5 17. e4 Nxc4 18. Bf4 e5 19. Bd2 Nxa3 20. Nd5 Bxd5 21. exd5 Nc4 22. Bc3 Bg5 23. f4 Bh6 24. Qd3 0-0 25. Ba1 b5 26. d6 exf4 27. gxf4 Qxd6 28. Qc3 Qb6+ 29. Kh1 Qe3 30. Bh3 Qxc3 31. Rxc3 Nd2 32. Rg3 Nxf1 33. Bxf1 Rc1 0-1

[Event "Lund CellaVision Cup"]
[Site "Lund"]
[Date "2018.08.03"]
[Round "2"]
[White "Fover, Bjorn"]
[Black "Hakansson, Simon1"]
[Result "1-0"]
[WhiteElo "1574"]
[BlackElo "1379"]
[PlyCount "123"]
[EventDate "2018.08.03"]
[EventType "swiss"]
[EventRounds "8"]
[EventCountry "SWE"]
[SourceTitle "CBM 186 Extra"]
[Source "ChessBase"]
[SourceDate "2018.08.24"]
[SourceVersion "1"]
[SourceVersionDate "2018.08.24"]
[SourceQuality "1"]

1. d4 Nf6 2. c4 g6 3. Nc3 Bg7 4. e4 d6 5. Nf3 0-0 6. h3 Nc6 7. Be3 e5 8. d5 Ne7 9. Bd3 Nh5 10. Bc2 Nf4 11. 0-0 f5 12. Ne2 fxe4 13. Bxe4 Nf5 14. Rb1 Nxe3 15. fxe3 Nh5 16. Bc2 Bf5 17. e4 Bc8 18. b4 g5 19. Nh2 Nf4 20. Nxf4 gxf4 21. Nf3 Qf6 22. Kf2 Qg6 23. Rg1 Qg3+ 24. Ke2 Rf6 25. Qe1 Qxe1+ 26. Rbxe1 Rg6 27. Kd2 b6 28. Ba4 Ba6 29. Kc3 Bf6 30. Bd7 h5 31. Bf5 Rg3 32. Rc1 h4 33. Bg4 Kg7 34. Rcd1 Bc8 35. Bxc8 Rxc8 36. Rd3 Kh6 37. a4 Rcg8 38. Ne1 Rxd3+ 39. Kxd3 Rg3+ 40. Nf3 Kg6 41. Ke2 Kf7 42. Kf2 Ke7 43. Rc1 Kd7 44. c5 Be7 45. cxb6 cxb6 46. a5 Rg8 47. axb6 axb6 48. b5 Rc8 49. Rc6 Bd8 50. Nd2 Rxc6 51. bxc6+ Kc7 52. Ke2 b5 53. Kd3 Kb6 54. Kc3 Ka6 55. Kb3 Ba5 56. Nf3 Bd8 57. Nd2 Kb6 58. Nb1 Kc5 59. Kc3 Ba5+ 60. Kd3 b4 61. Nd2 b3 62. Nxb3+ 1-0